000 00349 a2200109 4500
001 ART_44977
005 20260410162039.0
008 260409a
245 1 0 _aLa economía oculta como forma de ajuste en la cadena de valor
100 1 _aNarodowski, Patricio
773 0 _tEstudios del trabajo
_g- Nº 35 (ene./jul. 2008)
_wREV44896
999 _c34718
_d34718